Desigualdad y globalización: cinco conferencias
Guardat en:
| Autors principals: | , , , , |
|---|---|
| Format: | Llibre |
| Idioma: | espanyol |
| Publicat: |
Buenos Aires
Universidad de Buenos Aires
2001
Buenos Aires Manantial 2001 |
| Edició: | 1a. ed |
| Matèries: | |
| Etiquetes: |
Afegir etiqueta
Sense etiquetes, Sigues el primer a etiquetar aquest registre!
|
MARC
| LEADER | 00000nam a2200000 a 4500 | ||
|---|---|---|---|
| 001 | UCG3711 | ||
| 003 | CL-VaPUC | ||
| 008 | 100909e20010000ag |||||||||||||||||spa|d | ||
| 020 | |a 9789875000605 | ||
| 082 | 0 | 4 | |a 305 |b CAS |2 21 |
| 100 | 0 | |a Castel, Robert |e author |9 553012 | |
| 700 | 0 | |a Touraine, Alain |e author |9 553013 | |
| 700 | 0 | |a Bunge, Mario |e author |9 553014 | |
| 700 | |a Ianni, Octavio |e author |9 556380 | ||
| 700 | 0 | |a Giddens, Anthony |e author |9 467769 | |
| 245 | 1 | 0 | |a Desigualdad y globalización: cinco conferencias |
| 250 | |a 1a. ed | ||
| 300 | |a 139 p | ||
| 942 | |c BK | ||
| 945 | |d 20100909 00:00:00 |a mfarfan | ||
| 260 | |a Buenos Aires |b Universidad de Buenos Aires |c 2001 | ||
| 260 | |a Buenos Aires |b Manantial |c 2001 | ||
| 650 | 0 | |a Desigualdad |9 523161 | |
| 650 | 0 | |a Problemas sociales |9 258537 | |
| 650 | 7 | |a INEQUIDAD SOCIAL |2 CL-VaPUC |9 538221 | |
| 650 | 0 | |a Globalización |9 361930 | |
| 583 | |a last modification |c 20171220 02:06:48 |k Rodrigo Vera | ||
| 999 | |c 342747 |d 342745 | ||
| 952 | |0 0 |1 0 |4 0 |6 305_000000000000000_CAS_2001_2001 |7 0 |8 A |9 439234 |a BIBEDU |b BIBEDU |d 2019-11-22 |i 4715764 |o 305 CAS 2001 2001 |p 4715764 |r 2019-11-22 |w 2019-11-22 |y BK |k FIL | ||
| 952 | |0 0 |1 0 |4 0 |6 305_000000000000000_CAS_2001_2001 |7 0 |8 A |9 439235 |a FDOPOS |b FDOPOS |d 2019-11-22 |i 4719492 |o 305 CAS 2001 2001 |p 4719492 |r 2025-01-22 |w 2019-11-22 |y BK |k DLH | ||
| 952 | |0 0 |1 0 |4 0 |6 305_000000000000000_CAS_2001_2001 |7 0 |8 A |9 439236 |a BIBGIM |b BIBGIM |d 2019-11-22 |i 4744853 |o 305 CAS 2001 2001 |p 4744853 |r 2025-01-15 |w 2019-11-22 |y BK |k SSL | ||
| 952 | |0 0 |1 0 |4 0 |6 305_000000000000000_CAS_2001_2001 |7 0 |8 A |9 439237 |a BIBEDU |b BIBEDU |d 2019-11-22 |i 4770889 |o 305 CAS 2001 2001 |p 4770889 |r 2019-11-22 |w 2019-11-22 |y BK |k PSI | ||